No se lo digas a nadie
No se lo digas a nadie, primer éxito literario de Jaime Bayly, aborda la vida de Joaquín, un joven cuya orientación sexual, lo lleva a experimentar una serie de situaciones desalentadoras y fracasos, en la búsqueda existencial de su espacio en la sociedad, impulsado por la confrontación ideológica q...
Guardado en:
| Hovedforfatter: | |
|---|---|
| Format: | Bog |
| Sprog: | Undetermined |
| Udgivet: |
Barcelona, España
Seix Barral
1997
|
| Fag: | |
| Tags: |
Tilføj Tag
Ingen Tags, Vær først til at tagge denne postø!
|
MARC
| LEADER | 00000nam a2200000Ia 4500 | ||
|---|---|---|---|
| 008 | 170316s9999 xx 000 0 und d | ||
| 040 | |a cru BVZT | ||
| 090 | |a 860 B-15.1n | ||
| 100 | |a Bayly, Jaime | ||
| 245 | |a No se lo digas a nadie |c / Bayly, Jaime | ||
| 260 | |a Barcelona, España | ||
| 260 | |b Seix Barral | ||
| 260 | |c 1997 | ||
| 300 | |a 359 páginas | ||
| 520 | |a No se lo digas a nadie, primer éxito literario de Jaime Bayly, aborda la vida de Joaquín, un joven cuya orientación sexual, lo lleva a experimentar una serie de situaciones desalentadoras y fracasos, en la búsqueda existencial de su espacio en la sociedad, impulsado por la confrontación ideológica que le generó, haber crecido en el seno de una familia peruana de clase media, machista y conservadora, en los años 90´s. La narrativa expone elementos controversiales como la discriminación, y la marginalidad a las que se han visto expuestas las poblaciones sexualmente diversas, así como la necesidad del ser humano por sentirse amado. | ||
| 650 | |a LITERATURA LATINOAMERICANA |9 15 | ||
| 650 | |a NOVELA |9 13 | ||
| 999 | |c 8380 |d 8380 | ||
| 942 | |c 15 D |h 860 B-15.1n |2 z | ||
